书目信息 |
| 题名: |
应用数理统计
|
|
| 作者: | 孙荣恒 著 | |
| 分册: | ||
| 出版信息: | 北京 科学出版社 2007.01 |
|
| 页数: | 268页 | |
| 开本: | 24cm | |
| 丛书名: | ||
| 单 册: | ||
| 中图分类: | O212 | |
| 科图分类: | ||
| 主题词: | 数理统计 | |
| 电子资源: | ||
| ISBN: | 7-03-011160-5 | |
| 000 | 00640 nam 000241 | |
| 001 | 0100001949 | |
| 005 | 20070903093319.96 | |
| 010 | @a7-03-011160-5@dCNY21.00 | |
| 100 | @a20070806d2007 em y0chiy0121 ea | |
| 101 | @achi | |
| 102 | @aCN@b110000 | |
| 105 | @ay z 000yy | |
| 200 | 10 | @a应用数理统计@9ying yong shu li tong ji@f孙荣恒著@Fsun rong heng zhu |
| 205 | @a2版 | |
| 210 | @a北京@c科学出版社@d2007.01 | |
| 215 | @a268页@d24cm | |
| 300 | @a普通高等教育十五国家级规划教材 | |
| 606 | @a数理统计 | |
| 690 | @aO212@v4 | |
| 701 | 0 | @a孙荣恒@9sun rong heng@4著 |
| 801 | @aCN@c20070903 | |
| 901 | @a000003 | |
| 905 | @dO212@eS930 | |
| 应用数理统计/孙荣恒著.-2版.-北京:科学出版社,2007.01 |
| 268页;24cm |
| 普通高等教育十五国家级规划教材 |
| ISBN 7-03-011160-5:CNY21.00 |
| ● |
| 相关链接 |
|
|
|
正题名:应用数理统计
索取号:O212/S930
 
预约/预借
| 序号 | 登录号 | 条形码 | 馆藏地/架位号 | 状态 | 备注 |
| 1 | 644183 | 206441830 | 数理学院资料室/ [索取号:O212/S930] | 在馆 | |
| 2 | 644184 | 206441849 | 数理学院资料室/ [索取号:O212/S930] | 在馆 | |
| 3 | 644185 | 206441858 | 自科库401/401自科库 77排1列3层/ [索取号:O212/S930] | 在馆 |